| 000 | 01531cam a22003015a 4500 | ||
|---|---|---|---|
| 001 | E152558 | ||
| 008 | 110328s2011 xxk f 000 0 eng d | ||
| 020 | _a9781842196403 | ||
| 035 | _a(Sirsi) u152558 | ||
| 041 | 0 | _aeng | |
| 050 | 0 | 4 | _a333.332 $2 18 |
| 100 | 1 | _aParnham, Phil | |
| 245 | 0 | 0 |
_aRICS survey writer _bsample phrases for the RICS homebuyer report |
| 250 | _a2nd ed. | ||
| 260 |
_aCoventry _bRICS _c2011 |
||
| 300 |
_aiv, 186p. _bspiral bound _c30cm. |
||
| 505 | 2 | _aIntroduction -- Section B, about the inspection -- Section C, overall opinion -- Section D, about the property -- Section E, outside the property -- Section F, inside of the property -- Section G, services -- Section H, grounds (including shared areas for flats) -- Section I, issues for your legal advisors -- Section J, risks -- Section K, valuation -- Sample report | |
| 520 | _aProvides sample phrases designed to support surveyors who deliver the RICS HomeBuyer report. The text can be edited as necessary to produce individual reports. | ||
| 520 | _aSupersedes first edition (ISBN 9781842195338). | ||
| 520 | _aSample or stock phrases are no longer recommended for the Home Survey Standard due to risks of creating a report that is not driven by the needs of the client or the property. | ||
| 521 | _aAdvanced | ||
| 590 | _aKA | ||
| 650 | 2 | 4 | _aHOMEBUYERS REPORT |
| 651 | 4 | _aUnited Kingdom | |
| 690 | _aPROPERTY-RESIDENTIAL PROPERTY-RESIDENTIAL PROPERTY APPRAISAL AND VALUATION | ||
| 700 | 1 | _aLittler, Tom | |
| 942 |
_n0 _2ddc |
||
| 999 |
_c112111 _d112111 |
||